Lars Winnerbäck - Elegi - Statistics

General Stats
  • This quiz has been taken 4 times
  • The average score is 313 of 328
Answer Stats
Answer % Correct
aldrig
100%
alla
100%
allt
100%
än
100%
andra
100%
anförtro
100%
anförtror
100%
är
100%
åt
100%
av
100%
barn
100%
bekänn
100%
blå
100%
bli
100%
cement
100%
där
100%
debut
100%
den
100%
det
100%
Det
100%
dig
100%
din
100%
Du
100%
du
100%
efter
100%
elegi
100%
En
100%
en
100%
ensam
100%
fäller
100%
fanns
100%
får
100%
för
100%
För
100%
förr
100%
förstört
100%
framför
100%
från
100%
går
100%
gårdagens
100%
gatan
100%
genom
100%
gick
100%
Guds
100%
halvan
100%
hamnar
100%
Han
100%
han
100%
här
100%
har
100%
härnäst
100%
häromkring
100%
helst
100%
hemväg
100%
himmelen
100%
hösten
100%
i
100%
igen
100%
in
100%
ingenting
100%
inget
100%
inte
100%
Jag
100%
jag
100%
jobbet
100%
jorden
100%
jordens
100%
kalla
100%
klara
100%
kom
100%
komma
100%
kval
100%
kvinna
100%
lyssna
100%
man
100%
Med
100%
med
100%
Medan
100%
mig
100%
min
100%
mor
100%
moral
100%
naken
100%
när
100%
natt
100%
natten
100%
nej
100%
nerstigen
100%
och
100%
Och
100%
om
100%
ork
100%
100%
pröva
100%
rannsaka
100%
100%
sa
100%
säga
100%
sakna
100%
sanningen
100%
ser
100%
sidan
100%
sitter
100%
sjunger
100%
sjunker
100%
ska
100%
skälet
100%
skar
100%
skratt
100%
skuggor
100%
skulle
100%
slut
100%
solen
100%
som
100%
Som
100%
sommaren
100%
son
100%
stå
100%
står
100%
stilla
100%
storm
100%
styrka
100%
tar
100%
testa
100%
tid
100%
till
100%
tonårsbarn
100%
tyst
100%
tysta
100%
tystnad
100%
undrar
100%
vad
100%
väg
100%
var
100%
väst
100%
vatten
100%
vi
100%
Vi
100%
advent
67%
alldeles
67%
allting
67%
annan
67%
annars
67%
att
67%
berätta
67%
bränt
67%
bron
67%
brusa
67%
ditt
67%
division
67%
ett
67%
fick
67%
gårn
67%
gör
67%
hade
67%
handla
67%
hänt
67%
höra
67%
höstens
67%
kommer
67%
kunde
67%
lyste
67%
mellan
67%
mörka
67%
nerifrån
67%
Nu
67%
nyss
67%
ögonpar
67%
över
67%
saknar
67%
september
67%
sett
67%
sjukna
67%
skuggan
67%
sorger
67%
tomhet
67%
Två
67%
under
67%
vägar
67%
väggarna
67%
vandrat
67%
bara
33%
No matching quizzes found
Score Distribution
Percent of People with Each Score
Percentile by Number Answered
Your Score History
You have not taken this quiz